Catholic University of Zimbabwe Library
Online Public Access Catalogue
(OPAC)

Shakespeare (Record no. 11835)

MARC details
000 -LEADER
fixed length control field 00407 a2200145 4500
245 ## - TITLE STATEMENT
Title Shakespeare
Remainder of title : A casebook
Medium print
020 ## - INTERNATIONAL STANDARD BOOK NUMBER
International Standard Book Number 0876950470
650 ## - SUBJECT ADDED ENTRY--TOPICAL TERM
Topical term or geographic name entry element English Novel
260 ## - PUBLICATION, DISTRIBUTION, ETC.
Place of publication, distribution, etc. tnu
Name of publisher, distributor, etc. Aurora Publishers
Date of publication, distribution, etc. [1970]
084 ## -
-- PR2807 .J8 1970
300 ## - PHYSICAL DESCRIPTION
Extent 221 p. 21 cm.
Other physical details 221 p. 21 cm.
Dimensions 221 p. 21 cm.
500 ## - GENERAL NOTE
General note edited by John Jump.
490 ## - SERIES STATEMENT
Series statement Casebook series

No items available.

OPENING HOURS

Weekdays: 0815hrs - 1800hrs
Weekends:0900hrs - 1200hrs

Closed for Mass:

Mon, Thur: 1200hrs - 1300hrs
Sunday & Public Holiday’s

CALL SUPPORT

0242-570570, 0242-570169
09200664, +263 8644140602

LOCATION

18443, Cranborne Avenue, Hatfield, Harare

Other Links


©2021 | CUZ Library